Statystyki dla Państwa wysunięte najdalej na północ A-Z

Kliknij tutaj aby rozwiązać quiz!

Ogólne statystyki

  • Ten quiz został rozwiązany 854 razy
  • Średni wynik to 16 z 24

Statystyki odpowiedzi

LiteraKraj% Poprawnych
RRosja
93%
NNorwegia
91%
KKanada
90%
FFinlandia
89%
DDania
88%
PPolska
84%
ŁŁotwa
83%
SStany Zjednoczone
83%
EEstonia
78%
LLitwa
77%
IIslandia
76%
JJaponia
69%
OOman
65%
WWielka Brytania
63%
CCzechy
62%
HHolandia
62%
BBiałoruś
54%
GGruzja
48%
VVanuatu
48%
UUkraina
47%
AAustria
45%
TTurkmenistan
38%
ZZjednoczone Emiraty Arabskie
33%
MMołdawia
32%

Rozkład punktacji

Percentyl według liczby udzielonych odpowiedzi

Procent ludzi z każdym wynikiem

Twoja historia wyników

Nie rozwiązałeś tego quizu